Hidden riches
| Main Author: | |
|---|---|
| Format: | Book |
| Published: |
New York :
Jove Books ,
1995
|
| Subjects: |
MARC
| LEADER | 00000cam a2200000 7i4500 | ||
|---|---|---|---|
| 001 | 0000049380 | ||
| 005 | 20011120.0 | ||
| 020 | |a 0515116068 | ||
| 090 | 0 | 0 | |a F |b ROB |
| 100 | 1 | |a Roberts, Nora | |
| 245 | 1 | 0 | |a Hidden riches |c Nora Roberts |
| 260 | |a New York : |b Jove Books , |c 1995 | ||
| 300 | |a 470p. ; |c 18cm. | ||
| 650 | 0 | 0 | |a Romance fiction |
| 999 | |a 114191 |b BUKU |c PINJAMAN |e PERPUSTAKAAN KOMUNITI PETALING JAYA | ||